| 000 | 00547nam a2200181Ia 4500 | ||
|---|---|---|---|
| 003 | GCL | ||
| 008 | 140319s9999 xx 000 0 ara d | ||
| 040 |
_aGCL / _cGCL |
||
| 082 | 0 | 4 |
_a813.03 _bس ب |
| 100 | 1 | _aسعيد سالم | |
| 245 | 1 | 0 |
_aبوابة مرور : رواية / _cسعيد سالم |
| 300 | _a193 ص | ||
| 490 |
_aسلسلة اقلام الصحوة _v0 |
||
| 650 | 0 | 4 | _aالقصص العربية |
| 650 | 0 | 4 | _aالادب العربى - العصر الحديث |
| 650 | 0 | 4 | _aالقصص العربية - مصر |
| 942 |
_2ddc _cBK |
||
| 999 |
_c40009 _d40009 |
||